| 000 | 00636nam a2200169 i 4500 | ||
|---|---|---|---|
| 001 | 41114 | ||
| 003 | ES-MaACL | ||
| 005 | 20230906160357.0 | ||
| 007 | t| | ||
| 008 | 030310s1982 sp ||||1| spa d | ||
| 110 | 1 |
_aEspaña. _bDirección General de Acción Territorial y Urbanismo. _93696 |
|
| 245 | 1 | 0 |
_aCartografía : _bampliación 1981 / _cMinisterio de Obras Públicas y Urbanismo, Dirección General de Acción Territorial y Urbanismo. |
| 260 |
_a[Madrid : _bMOPU, Servicio de Publicaciones, _c1982] |
||
| 300 |
_a52 h. : _bgráf. ; _c22 x 30 cm. |
||
| 651 | 4 |
_aEspaña- _xMapas- _vCatálogos. _9170267 |
|
| 852 | 4 |
_aES-MaACL _jP-621 |
|
| 999 |
_c41114 _d41114 |
||